United States imports of merchandise for consumption commodity by country origin. Ft. 110

Saved in:
Bibliographic Details
Format: Serial
Language:English
Published: Washington U.S. Department of Commerce 1962
Tags: Add Tag
No Tags, Be the first to tag this record!

MARC

LEADER 00000nas2a2200000$$$4500
001 0010768
005 20250730114257.6
041 0 |a eng 
044 |a US 
245 1 0 |a United States imports of merchandise for consumption  |b commodity by country origin. Ft. 110 
264 1 |a Washington  |b U.S. Department of Commerce  |c 1962 
300 |a 1 zv. 
773 0 |w eu_un_cat*0010767